Sinopsis de Química Analítica / (Record no. 95135)

MARC details
000 -LEADER
campo de control de longitud fija 01139nam a2200253 i 4500
001 - NÚMERO DE CONTROL
campo de control 95135
003 - IDENTIFICADOR DE NÚMERO DE CONTROL
campo de control ES-MaACL
005 - FECHA Y HORA DE LA ÚLTIMA TRANSACCIÓN
campo de control 20250815111835.0
007 - CAMPO FIJO DE DESCRIPCIÓN FÍSICA--INFORMACIÓN GENERAL
campo de control de longitud fija t|
008 - DATOS DE LONGITUD FIJA--INFORMACIÓN GENERAL
campo de control de longitud fija 050523s1952 ag ||||1| spa d
100 1# - ENTRADA PRINCIPAL--NOMBRE DE PERSONA
Nombre de persona Lundell, G. E. F.
9 (RLIN) 74787
245 10 - MENCIÓN DEL TÍTULO
Título Sinopsis de Química Analítica /
Mención de responsabilidad, etc. G. E. F. Lundell, James Irvin Hoffman; traducción de la 5ª edición en lengua inglesa por Dr. E. de A. Bosch Ariño, Dr. M. C. Alvarez Querol.
260 ## - PUBLICACIÓN, DISTRIBUCIÓN, ETC.
Lugar de publicación, distribución, etc. Buenos Aires :
Nombre del editor, distribuidor, etc. [s.n.],
Fecha de publicación, distribución, etc. 1952 (
Fabricante Graf. Administrativa)
300 ## - DESCRIPCIÓN FÍSICA
Extensión XV, 289 p. :
Otras características físicas il. ;
Dimensiones 25 cm.
650 07 - PUNTO DE ACCESO ADICIONAL DE MATERIA--TÉRMINO DE MATERIA
Término de materia o nombre geográfico como elemento de entrada Química analítica
Fuente del encabezamiento o término embne
9 (RLIN) 16630
700 1# - ENTRADA AGREGADA--NOMBRE PERSONAL
Nombre de persona Bosch Ariño, E. de A.
9 (RLIN) 30648
700 1# - ENTRADA AGREGADA--NOMBRE PERSONAL
Nombre de persona Alvarez Querol, M. C.
9 (RLIN) 20921
700 1# - ENTRADA AGREGADA--NOMBRE PERSONAL
Nombre de persona Hoffman, James Irvin.
9 (RLIN) 63944
852 ## - LOCALIZACIÓN
Ubicación ES-MaACL
Número de control de estantería D-6419
Sublocalización o colección R.32783
-- R.M. 6014
itemnumber 98667
Ubicación en estantería Sala Valle Inclán
Marcas de propiedad Sello en tinta azul de la Biblioteca del Ateneo de Madridr
Encuadernación Encuadernación en tela azul
Nota libre En hoja de guarda: "Donativo"
942 ## - ELEMENTOS DE ENTRADA SECUNDARIOS (KOHA)
Fuente del sistema de clasificación o colocación Clasificación decimal universal
Tipo de ítem Koha Libro impreso
Holdings
Estatus retirado Estado de pérdida Estado de daño No para préstamo Biblioteca de origen Biblioteca actual Ubicación en estantería Fecha de adquisición Fuente de adquisición Total de préstamos Signatura topográfica completa Código de barras Visto por última vez Precio de reemplazo Tipo de ítem Koha
        Biblioteca del Ateneo de Madrid Biblioteca del Ateneo de Madrid Sala Valle Inclán 17/01/2008     D-6419 901099346 23/02/2023 23/02/2023 Libro impreso